Grammar Quiz #5 - Statistics

General Stats
  • This quiz has been taken 677 times
  • The average score is 11 of 12
Answer Stats
Question Answer % Correct
That cat is ___ with a ball of string. Playing
99%
When is __ essay due? Your
99%
Thank you for your excellent ___. Advice
95%
__ all this time, I've found that I don't like skiing. After
94%
I'll see you in __ hour. An
93%
Thomas and ___ are walking to Uni. I
93%
Karen got a ___deal on her car insurance. Worse
93%
The person __ sitting on that bench is my dad. Who's
91%
I like a lot of biscuits, __ gingersnap, chocolate chip, and shortcake. E.g.
84%
___ eat now. Let's
80%
There are __ cakes on the table now. Fewer
75%
Coca-cola is making ___ packaging out of recycled materials. Its
60%
No matching quizzes found
Score Distribution
Percent of People with Each Score
Percentile by Number Answered
Your Score History
You have not taken this quiz